Kwiat, który pięknie pachnie? - Statystyki

Ogólne statystyki
  • Ten quiz został rozwiązany 25 razy
  • Średni wynik to 3 z 10
Statystyki odpowiedzi
Odpowiedź % Poprawnych
róża
95%
piwonia
40%
hiacynt
35%
konwalia
35%
bez
30%
jaśmin
30%
frezja
20%
ostróżka
5%
akacja
0%
groszek pachnący
0%
Nie znaleziono quizów pasujących do podanych kryteriów
Rozkład punktacji
Procent ludzi z każdym wynikiem
Percentyl według liczby udzielonych odpowiedzi
Twoja historia wyników
Nie rozwiązałeś tego quizu